000
00300nam a2200121Ia 4500
008
190216s9999||||xx |||||||||||||| ||und||
100
_a
John R Riggleman & Ira N Frisbee
245
0
_a
Business Statistics
260
_b
John Wiley & Sons
_c
1951
300
_a
818p
650
_a
Commerce
942
_c
BK
999
_c
4470
_d
4470